Aplicación de las teorías de estilos de aprendizajes en las estrategias de enseñanza en el politécnico Juan Sánchez Ramírez, Distrito Educativo 16-01 de Cotuí, en el nivel medio, Modalidad Técnico Profesional, año escolar 2013-2014 / Yasser Ant. Calderón Rosario, Daneiris Del Rosario Espinal, Ana Karina Rondón Lora y otros siete ; asesor Fior D' Alisa Báez (Registro nro. 12323)

Detalles MARC
000 -LEADER
fixed length control field 01543nam a22003011a 4500
001 - CONTROL NUMBER
control field 12323
003 - CONTROL NUMBER IDENTIFIER
control field OSt
005 - DATE AND TIME OF LATEST TRANSACTION
control field 20260204212322.0
008 - FIXED-LENGTH DATA ELEMENTS--GENERAL INFORMATION
fixed length control field 150520s2014||||dr ||||||b||||||||||spa||
090 ## - LOCALLY ASSIGNED LC-TYPE CALL NUMBER (OCLC); LOCAL CALL NUMBER (RLIN)
Classification number (OCLC) (R) ; Classification number, CALL (RLIN) (NR) M-BA 2014 C15
100 ## - ASIENTO PRINCIPAL -- NOMBRE PERSONAL
Personal name Calderón Rosario, Yasser Ant.
Relator term sustentante
245 10 - TÍTULO PROPIAMENTE DICHO: SUBTÍTULO
Title Aplicación de las teorías de estilos de aprendizajes en las estrategias de enseñanza en el politécnico Juan Sánchez Ramírez, Distrito Educativo 16-01 de Cotuí, en el nivel medio, Modalidad Técnico Profesional, año escolar 2013-2014 / Yasser Ant. Calderón Rosario, Daneiris Del Rosario Espinal, Ana Karina Rondón Lora y otros siete ; asesor Fior D' Alisa Báez
260 ## - PUBLICATION, DISTRIBUTION, ETC.
Place of publication, distribution, etc. Cotuí, República Dominicana :
Name of publisher, distributor, etc. UTECO,
Date of publication, distribution, etc. 2014
300 ## - PHYSICAL DESCRIPTION
Extensión 63 hojas :
Other physical details Ilustraciones ;
Dimensions 28cm.
502 ## - THESIS NOTE
Dissertation note Monográfico (Educación Básica)--Universidad Tecnológica del Cibao Oriental, 2014
504 ## - BIBLIOGRAPHY, ETC. NOTE
Bibliography, etc. note Incluye referencia bibliográfica e índice
650 #4 - ASIENTO SECUNDARIO DE MATERIA -- TERMINO TOPICO
Asiento secundario de materia Estrategia enseñanza aprendizaje
700 1# - ASIENTO SECUNDARIO -- NOMBRE PERSONAL
Personal name Quezada Concepción, María
Relator term sustentante
700 1# - ASIENTO SECUNDARIO -- NOMBRE PERSONAL
Personal name Tavarez Minaya, Juana Lorenza
Relator term sustentante
700 1# - ASIENTO SECUNDARIO -- NOMBRE PERSONAL
Personal name Padilla Rosario, Yudelki
Relator term sustentante
700 1# - ASIENTO SECUNDARIO -- NOMBRE PERSONAL
Personal name De Jesús Herrera, Marilyn
Relator term sustentante
700 1# - ASIENTO SECUNDARIO -- NOMBRE PERSONAL
Personal name Álvarez, Mercedes Jarolisa
Relator term sustentante
700 1# - ASIENTO SECUNDARIO -- NOMBRE PERSONAL
Personal name Díaz Cimes, Martina
Relator term sustentante
700 1# - ASIENTO SECUNDARIO -- NOMBRE PERSONAL
Personal name Jiménez Báez, Johanny
Relator term sustentante
700 1# - ASIENTO SECUNDARIO -- NOMBRE PERSONAL
Personal name Báez, Fior D´Aliza
Relator term asesor
830 ## - ASIENTO SECUNDARIO DE SERIE - TÍTULO UNIFORME
Uniform title Tesis y disertaciones académicas (Universidad Tecnológica del Cibao Oriental)
942 ## - ADDED ENTRY ELEMENTS (KOHA)
Source of classification or shelving scheme Clasificación Local
Koha item type Tesis
Existencias
Withdrawn status Lost status Source of classification or shelving scheme Damaged status Not for loan Collection code Home library Current library Shelving location Date acquired Inventory number Total Checkouts Full call number Barcode Date last seen Copy number Price effective from Koha item type
    Clasificación Local   Préstamo Interno Trabajos de Grado e Investigación   Biblioteca UTECO En Estantería 09/09/2019 ME-2014-004   M-BA 2014 C15 ME-2014-004 09/09/2019 Ej.1 09/09/2019 Tesis
© 2021 Derechos Reservados UTECO - Teléfono: +1 809-585-2291 - Correo electrónico: biblioteca@uteco.edu.do​  
Código postal 43000 ​​
Dirección: Avenida Universitaria No. 100, 
Cotuí, Provincia Sánchez Ramírez, República Dominicana - RNC: 404-00059-6